| 000 | 01704nam0a2200337 4500 | ||
|---|---|---|---|
| 001 | RU\NLR\bibl\1794950 | ||
| 005 | 20240726013610.0 | ||
| 020 |
_aRU _b00-24765 _9Летопись авторефератов диссертаций |
||
| 021 |
_aRU _b2010-25611а _91025аа |
||
| 035 | _a(NLR Aleph) 001785637 | ||
| 090 |
_a1725307 _c1725307 |
||
| 100 | _a20110727d2010 u u0rusy50 ca | ||
| 101 | 0 | _arus | |
| 102 | _aRU | ||
| 105 | _ay dm ||||| | ||
| 200 | 1 |
_aСлияния и поглощения коммерческих организаций _e(гражданско-правовой аспект) _eавтореферат диссертации на соискание ученой степени кандидата юридических наук _eспециальность 12.00.03 <Гражданское право; предпринимательское право; семейное право; международное частное право> _fМитус Александр Иванович _g[Моск. ун-т МВД России] |
|
| 210 |
_aМосква _d2010 |
||
| 215 |
_a28 с. _d21 |
||
| 320 | _aБиблиогр.: с. 27-28 (8 назв.) | ||
| 675 |
_a347.7 _v3 _zrus |
||
| 686 |
_a10.21 _2rugasnti |
||
| 686 |
_a67.404+67.402+67.404.3 _2rubbk |
||
| 686 |
_a12.00.03 _2oksvnk |
||
| 700 | 1 |
_aМитус _bА. И. _gАлександр Иванович _4070 |
|
| 801 | 0 |
_aRU _bRKP _c20110727 _gPSBO |
|
| 801 | 1 |
_aRU _bRKP _c20110727 |
|
| 801 | 2 |
_aRU _bNLR _c20110803 _grcr |
|
| 901 | _eАвторефераты | ||
| 942 | _cBOOK | ||
| 981 | 1 | 0 | _a(10) Авторефераты |